000 00319nam a22001457a 4500
020 _a81-8423-076-1
082 _a894.812.3
_bKAK/M
100 _aKAKKANADAN
245 _aMALAYALATHINTE SUVARNNA KATHAKAL
260 _aTHRISSUR
_bGREEN BOOKS
_c2008
300 _a180
520 _aNOVEL
650 _aNOVEL
942 _cBK
999 _c4939
_d4939